[Event "Glorney Cup"]
[Site "Cardiff"]
[Date "2013.07.23"]
[Round "5.10"]
[White "Danaher, James"]
[Black "Evans, Nicholas Thomas"]
[Result "0-1"]
[WhiteElo "1748"]
[BlackElo "1755"]
[PlyCount "34"]
[EventDate "2013.07.21"]
[EventType "team-tourn"]
[EventRounds "6"]
[EventCountry "ENG"]
[SourceTitle "CBM 155 Extra"]
[Source "ChessBase"]
[SourceDate "2013.08.26"]
[SourceVersion "1"]
[SourceVersionDate "2013.08.26"]
[SourceQuality "1"]
[WhiteTeam "Ireland"]
[BlackTeam "Wales"]
[WhiteTeamCountry "IRL"]
[BlackTeamCountry "WLS"]

1. e4 e5 2. f4 exf4 3. Nf3 g5 4. h4 g4 5. Ne5 d6 6. Nxg4 Nf6 7. Nxf6+ Qxf6 8. Nc3 Nc6 9. d3 Be6 10. Bd2 Nd4 11. Be2 Rg8 12. 0-0 Bh6 13. h5 0-0-0 14. Nd5 Rxg2+ 15. Kxg2 Qg5+ 16. Bg4 Bxg4 17. Bxf4 Bf3+ 0-1

[Event "Glorney Cup"]
[Site "Cardiff"]
[Date "2013.07.22"]
[Round "2.5"]
[White "Danaher, James"]
[Black "Nettleton, Charlie"]
[Result "1-0"]
[WhiteElo "1748"]
[BlackElo "1889"]
[PlyCount "35"]
[EventDate "2013.07.21"]
[EventType "team-tourn"]
[EventRounds "6"]
[EventCountry "ENG"]
[SourceTitle "CBM 155 Extra"]
[Source "ChessBase"]
[SourceDate "2013.08.26"]
[SourceVersion "1"]
[SourceVersionDate "2013.08.26"]
[SourceQuality "1"]
[WhiteTeam "Ireland"]
[BlackTeam "England"]
[WhiteTeamCountry "IRL"]
[BlackTeamCountry "ENG"]

1. e4 e5 2. f4 d5 3. exd5 exf4 4. Nf3 Nf6 5. d4 Nxd5 6. Be2 Bd6 7. c4 Ne3 8. Bxe3 fxe3 9. 0-0 0-0 10. Qb3 Bf4 11. Nc3 Nc6 12. Rad1 Bh6 13. Nd5 f5 14. Ne5 f4 15. Nxf4 Nxd4 16. Rxd4 Qxd4 17. c5+ Kh8 18. Nfg6+ 1-0